000 00530nam a22001817a 4500
008 161118b xxu||||| |||| 00| 0 eng d
020 _a978-981-4617-44-4
082 _22016
_aDC 512.13
_bL334
100 _917659
_aLarson, Ron.
245 _aAlgebra and trigonometry/
_cRon Larson.
250 _aNinth Edition
260 _aAndover:
_bCengage Learning,
_cc2016.
300 _axii, 951 pages:
_billustrations;
_c25 cm.
500 _aIncludes index.
650 0 _917660
_aAlgebra
650 0 _917661
_aTrigonometry
942 _2ddc
_cDC
999 _c5782
_d5782